| 000 | 00458nam a2200181Ia 4500 | ||
|---|---|---|---|
| 001 | 15693 | ||
| 005 | 20260306170215.0 | ||
| 008 | 260306t2004||||xx |||||||||||||| ||und|| | ||
| 041 | _aESP | ||
| 082 |
_a577 _bD89 |
||
| 100 |
_aDonadio, María Celestina _eAUT |
||
| 245 | 0 |
_aBiodiversidad y biotecnología: _breflexiones en bioética |
|
| 260 | _c2004 | ||
| 300 |
_a187 páginas : _c23 cm. |
||
| 650 | _aGEN | ||
| 654 | _aCIA | ||
| 942 |
_cLIB _dJUS _fJUS _2ddc _n |
||
| 999 |
_c15693 _d15693 |
||